=LDR 00000nam 2200000 4500 =001 NUTBA000000000000736 =005 20140401104922.0 =006 =007 =008 =020 ##$$a 978-979-29-2508-1 =035 ##$$a 0010-041400000000006 =040 ##$$a Ind =082 ##$$a 813 =090 ##$$a 813$bHar g =100 ##$$a Hari purwanto =245 ##$$a Gua di balik bukit$cHari purwanto =250 ##$$a Ed.1 =260 ##$$a Yogyakarta$bAndi$c[Sa]. =300 ##$$a 160 Hlm$c20 cm. =850 ##$$a NBPNMAT =990 ##$$a 21304336 =990 ##$$a 92215/BPAP-NTB/2014